Top 10 Best Airlines in the World - Statistics

General Stats
  • This quiz has been taken 53 times
  • The average score is 6 of 10
Answer Stats
Rank Airline % Correct
3 Emirates
91%
1 Qatar Airways
78%
2 Singapore Airlines
78%
9 Air France
61%
6 Japan Airlines
61%
7 Turkish Airlines
54%
5 Cathay Pacific Airways
50%
4 ANA All Nippon Airways
46%
10 Swiss International Airlines
39%
8 EVA Air
33%
No matching quizzes found
Score Distribution
Percent of People with Each Score
Percentile by Number Answered
Your Score History
You have not taken this quiz